Bayern (Bavaria) 1849-1875 Hilmar Kraus Col (part 3) 2017 (Record no. 3212)

000 -LEADER
fixed length control field 00327nam a22000977a 4500
008 - FIXED-LENGTH DATA ELEMENTS--GENERAL INFORMATION
fixed length control field 211115b ||||| |||| 00| 0 eng d
100 ## - MAIN ENTRY--AUTHOR'S NAME
Author's Name Heinrich Kohler Auctions
245 ## - TITLE STATEMENT
Title Bayern (Bavaria) 1849-1875 Hilmar Kraus Col (part 3) 2017
260 ## - PUBLICATION, DISTRIBUTION, ETC. (IMPRINT)
Place of publication, distribution, etc. Wiesbaden, Germany
Name of publisher, distributor, etc. Heinrich Kohler Auctions
Date of publication, distribution, etc. 2017
650 ## - TOPICAL TERM (Tag)
Topical term or geographic name Bavaria| German States
Holdings
Withdrawn status Lost status Source of classification or shelving scheme Damaged status Koha normalized classification for sorting Not for loan Permanent Location Current Location Shelving location Date acquired Total Checkouts Full call number Barcode Date last seen Copy number Price effective from Koha item type Public note
        G6420 A1 K792   Northern Philatelic Library Northern Philatelic Library General Stacks 11/15/2021   G6420 A1 K792 1005651 11/15/2021 1 11/15/2021 Auction Catalogs March 25, 2017

Powered by Koha